| 000 -LEADER |
| fixed length control field |
00813nam a2200205Ia 4500 |
| 001 - CONTROL NUMBER |
| control field |
11490 |
| 003 - CONTROL NUMBER IDENTIFIER |
| control field |
GE_BSU |
| 008 - FIXED-LENGTH DATA ELEMENTS--GENERAL INFORMATION |
| fixed length control field |
181216s||||||||xx |||||||||||||| ||und|| |
| 040 ## - CATALOGING SOURCE |
| Transcribing agency |
GE_BSU |
| 100 ## - MAIN ENTRY--PERSONAL NAME |
| Personal name |
ბერძენიშვილი,ლ; ბედიაშვილი,ს; შარაშენიძე,დ. და სხვ. |
| 245 ## - TITLE STATEMENT |
| Title |
მებაღის ცნობარი |
| 245 ## - TITLE STATEMENT |
| Statement of responsibility, etc. |
შემდგ:დ.შარაშენიძე; საზოგ.რედ:პ.კაჭარავა; მხატვ:თ.გიგაური. |
| 260 ## - PUBLICATION, DISTRIBUTION, ETC. |
| Place of publication, distribution, etc. |
თბილისი |
| 260 ## - PUBLICATION, DISTRIBUTION, ETC. |
| Name of publisher, distributor, etc. |
საბჭოთა საქართველო |
| 260 ## - PUBLICATION, DISTRIBUTION, ETC. |
| Date of publication, distribution, etc. |
1965 |
| 300 ## - PHYSICAL DESCRIPTION |
| Extent |
129გვ;20სმ. |
| 300 ## - PHYSICAL DESCRIPTION |
| Other physical details |
ცხრ. |
| 653 ## - INDEX TERM--UNCONTROLLED |
| Uncontrolled term |
მებაღის ცნობარი |
| 942 ## - ADDED ENTRY ELEMENTS (KOHA) |
| Koha item type |
წიგნი |